书目信息 |
| 题名: |
韩非:权术人生
|
|
| 作者: | 阮忠 著 | |
| 分册: | ||
| 出版信息: | 武汉 长江文艺出版社 1993 |
|
| 页数: | 235页 | |
| 开本: | 19cm | |
| 丛书名: | 中国圣贤人生丛书 | |
| 单 册: | ||
| 中图分类: | B226.55 , B22 | |
| 科图分类: | ||
| 主题词: | ||
| 电子资源: | ||
| ISBN: | 7-5354-1146-0 | |
| 000 | 00823nam2 2200265 45 | |
| 001 | 1157613471 | |
| 005 | 20110927160219.54 | |
| 010 | @a7-5354-1146-0@dCNY9.00 | |
| 100 | @a19940512d1993 em y0chiy0121 ea | |
| 101 | 0 | @achi |
| 102 | @aCN@b420000 | |
| 105 | @ay z 000yy | |
| 200 | 10 | @a韩非:权术人生@AHAN FEI : QUAN SHU REN SHENG@f阮 忠著@FRUAN ZHONG ZHU |
| 210 | @a武汉@c长江文艺出版社@d1993 | |
| 215 | @a235页@d19cm | |
| 225 | 2 | @a中国圣贤人生丛书@f洪 质主编 |
| 330 | @a本书汇集了韩非有关论述权术的言论与观点,分为君道,法、术、势,刑赏,用人,防奸等6编。 | |
| 410 | 0 | @120010@a中国圣贤人生丛书 |
| 540 | 1 | @a权术 人生@AQUAN SHU REN SHENG |
| 600 | 0 | @a韩非@x思想评论 |
| 690 | @aB226.55@v三版 | |
| 690 | @aB22@v4 | |
| 701 | 0 | @a阮忠@ARUAN ZHONG@4著 |
| 801 | 0 | @aCN@bTSSF@c19940512 |
| 905 | @a10447@dB22@eJY7 | |
| 韩非:权术人生/阮 忠著.-武汉:长江文艺出版社,1993 |
| 235页;19cm.-(中国圣贤人生丛书/洪 质主编) |
| ISBN 7-5354-1146-0:CNY9.00 |
| 本书汇集了韩非有关论述权术的言论与观点,分为君道,法、术、势,刑赏,用人,防奸等6编。 |
| ● |
| 相关链接 |
|
|
|
|
正题名:韩非:权术人生
索取号:B22/JY7
 
预约/预借
| 序号 | 登录号 | 条形码 | 馆藏地/架位号 | 状态 | 备注 |
| 1 | 7824326 | 278243269 | 学院路分馆/ [索取号:B22/JY7] | 在馆 | |
| 2 | 7824327 | 278243278 | 学院路分馆/ [索取号:B22/JY7] | 在馆 | |
| 3 | 7824328 | 278243287 | 学院路分馆/ [索取号:B22/JY7] | 在馆 | |
| 4 | 7824329 | 278243296 | 学院路分馆/ [索取号:B22/JY7] | 在馆 | |
| 5 | 7824330 | 278243303 | 学院路分馆/ [索取号:B22/JY7] | 在馆 |